Statistics for Solar System Quiz

Click here to take the quiz!

General Stats

  • This quiz has been taken 12 times
  • The average score is 11 of 18

Answer Stats

QuestionAnswer% Correct
What is the second planet closest to the Sun?Venus
100%
What is our planet called?Earth
100%
What is the largest planet in the solar system?Jupiter
100%
What is the sixth planet to the Sun?Saturn
100%
What is the seventh planet to the Sun?Uranus
100%
What is the closest planet the Sun?Mercury
100%
What is the eighth planet to the Sun?Neptune
86%
What is the fourth planet to the Sun?Mars
71%
What lies between Mars and Jupiter?Asteroid Belt
71%
What are Jupiter's largest moon?Io
57%
Was a planet, but was demoted to a dwarf planet.Pluto
57%
What is Saturn's largest moon?Titan
57%
What's another name for the Sun?Sol
43%
What lies outside of Pluto?Kuiper Belt
43%
What is Neptune's largest moon?Triton
29%
What is Uranus' largest moon?Oberon
14%
What is Mars' largest moon?Phobos
14%
What arm is our solar system located in?Orion Arm
0%

Score Distribution

Percentile by Number Answered

Percent of People with Each Score

Your Score History

You have not taken this quiz